LEADER 03142nam 2200445 450 001 9910795159103321 005 20230803211831.0 010 $a3-8325-9174-5 035 $a(CKB)4910000000017327 035 $a(MiAaPQ)EBC5850427 035 $a5a8e86ad-11bc-4d82-aaea-66c5b0dd2d03 035 $a(EXLCZ)994910000000017327 100 $a20191014d2014 uy 0 101 0 $ager 135 $aurcnu|||||||| 181 $ctxt$2rdacontent 182 $cc$2rdamedia 183 $acr$2rdacarrier 200 10$aAuswirkungen Sprachlicher Sensibilisierungsmassnahmen Auf Koreanische Deutschlerner $eZur Nutzung Von Sprachlernerfahrungen und Sprachlichem Wissen Aus der Ersten Fremdsprache Englisch Bei der Textproduktion Im Deutschen Als Tertia?rsprache /$fKai Rohs 210 1$aBerlin :$cLogos Verlag,$d[2014] 210 4$d©2014 215 $a1 online resource (288 pages) 300 $aPublicationDate: 20140313 311 $a3-8325-3661-2 330 $aLong description: Tertiärsprachenforschung wird seit etwa Anfang der 1990er Jahre systematisch und intensiv betrieben. Sie beschäftigt sich mit den Besonderheiten des Erwerbs einer zweiten und weiteren Fremdsprache. Von besonderer praktischer Bedeutung ist in diesem Zusammenhang das Projekt Deutsch als Fremdsprache nach Englisch (DaFnE), das die besondere, weltweit verbreitete Konstellation von Deutschlernern betrifft, die zuvor bereits Englisch als Fremdsprache gelernt haben. In dieser Arbeit wird untersucht, inwieweit sich eine sprachliche Sensibilisierung von DaFnE-Lernern für den interlingualen Vergleich zwischen den Fremdsprachen Deutsch und Englisch bei der Textproduktion auswirkt. Dabei bezieht sich die Arbeit auf transferenzrelevante Phänomene aus den Bereichen des Wortschatzes, der Grammatik, der Orthografie und der Interpunktion. Forschungsfeld sind koreanische Studenten einer Universität in Seoul/Korea. Die koreanische Ausgangssprache der Studenten gehört zur ural-altaischen Sprachfamilie. Sie verfügt über eine eigene Buchstabenschrift. Alle Probanden haben Englisch als erste Fremdsprache gelernt. Es hat sich gezeigt, dass trotz nicht unerheblicher individueller Unterschiede eine sprachliche Sensibilisierung zur Vermeidung von Interferenzen und zur Anregung von positivem Transfer sinnvoll ist und dass insbesondere im syntaktischen Bereich Sensibilisierungsmaßnahmen durchgeführt werden sollten. Festgestellt werden konnte auch, dass die kulturspezifischen Voraussetzungen in Korea dem Erfolg eines Sensibilisierungsunterrichtes nicht entgegen stehen, sondern ihn eher erfordern. 606 $aLanguage awareness 606 $aMultilingualism 606 $aLanguage and languages$xStudy and teaching 615 0$aLanguage awareness. 615 0$aMultilingualism. 615 0$aLanguage and languages$xStudy and teaching. 676 $a401.9 700 $aRohs$b Kai$01467547 801 0$bMiAaPQ 801 1$bMiAaPQ 801 2$bMiAaPQ 906 $aBOOK 912 $a9910795159103321 996 $aAuswirkungen Sprachlicher Sensibilisierungsmassnahmen Auf Koreanische Deutschlerner$93678227 997 $aUNINA LEADER 01831nam 2200289z- 450 001 9910832932803321 005 20230830061700.0 010 $a88-6969-402-X 035 $a(CKB)4970000000235698 035 $a(EXLCZ)994970000000235698 100 $a20230725c2020uuuu -u- - 101 0 $aeng 200 10$aAmerigo Vespucci $ethe historical context of his explorations and scientific contribution /$fPietro Omodeo ; edited by Pietro Daniel Omodeo 210 $cFondazione Ca' Foscari 311 $a88-6969-403-8 330 $a"This book offers a new reconstruction of Amerigo Vespucci's navigational and scientific endeavours in their historical context. The Author argues that all the manuscripts or texts that Vespucci left to posterity are reliable and true, except for several amendments imposed upon him for reasons linked to the political and economic interests of those who authorised him to undertake his journeys or which were the result of relationships with his companions. The earliest genuine documentation, which dates from the late fifteenth century or early sixteenth century, confirms this position. Fortunately, careful philological studies of Vespucci's principal written works are available, while some of his original drawings, which confirm, clarify and enrich what he narrated in his letters, can be identified in Waldseemu?ller's large map known as Universalis cosmographia (1507)"--Page 5. 517 $aAmerigo Vespucci 606 $aExplorers$zItaly$vBiography$vSources 607 $aAmerica$vEarly accounts to 1600 607 $aAmerica$xDiscovery and exploration$xItalian 607 $aAmerica$xDiscovery and exploration$xSpanish 615 0$aExplorers 700 $aOmodeo$b Pietro$f1919-, 702 $aOmodeo$b Pietro Daniel 906 $aBOOK 912 $a9910832932803321 997 $aUNINA